000 01468nam a2200289 4500
001 0000021460
003 CO-CtgCURN
005 20250429224000.0
007 ta
008 160627s2004 000 0 eng d
020 _a9586168859
040 _aCO-CtgCURN
_bspa
_ccoctgcurn
082 0 _a350.87
_bD444
245 0 0 _aDerecho de los usuarios del servicio publico de energia electrica y gas /
_ccompilador Luis Ferney Moreno.
260 _aBogotá :
_bUniversidad Externado de Colombia,
_c2004.
300 _a354 p.
336 _2rdacontent
337 _2rdamedia
_asin mediacion
_bn
338 _2rdacarrier
_avolumen
_bnc
504 _aNotas bibliograficas al pie del texto.
505 8 _aPerspectiva critica de protección de los usuarios de energia electrica y gas.--La defraudacion de fluidos en la legislacion penal colombiana.--El papel del usuario frente al manejo del gas domiciliario como elemento peligroso.--La participacion ciudadana de los usuarios, como mecanismo de solucion de conflictos.--Regimen legal de la suspension del servicio de energia electrica.--Fraude a los servicios publicos domiciliarios: procedimiento de imposicion de sanciones y derecho al debido proceso.--Defensa del usuario en actuaciones
650 1 4 _aServicios publicos
_vLegislacion
_zColombia.
700 1 _aMoreno, Luis Ferney.
908 _a160627
942 _cBK
_h350.87
_iD444
_2ddc
999 _c34279
_d34279